Multipurpose Tools for Bible Study (Record no. 159)

MARC details
000 -LEADER
fixed length control field 00431nam a2200169Ia 4500
003 - CONTROL NUMBER IDENTIFIER
control field OSt
005 - DATE AND TIME OF LATEST TRANSACTION
control field 20241126110331.0
008 - FIXED-LENGTH DATA ELEMENTS--GENERAL INFORMATION
fixed length control field 160527b xxu||||| |||| 00| 0 eng d
040 ## - CATALOGING SOURCE
Transcribing agency gbc
082 ## - DEWEY DECIMAL CLASSIFICATION NUMBER
Classification number 220.078
Item number DAN
100 ## - MAIN ENTRY--PERSONAL NAME
Personal name "Danker, F.N"
245 ## - TITLE STATEMENT
Title Multipurpose Tools for Bible Study
260 ## - PUBLICATION, DISTRIBUTION, ETC.
Name of publisher, distributor, etc. CONCORDIA PUBLISHING HOUSE,
Place of publication, distribution, etc. Saint Louis:
Date of publication, distribution, etc. 1960
300 ## - PHYSICAL DESCRIPTION
Extent 289p.
653 ## - INDEX TERM--UNCONTROLLED
Uncontrolled term Biblical Studies
942 ## - ADDED ENTRY ELEMENTS (KOHA)
Edition 1ST ED
Source of classification or shelving scheme Dewey Decimal Classification
Koha item type Books
Holdings
Withdrawn status Lost status Source of classification or shelving scheme Damaged status Not for loan Home library Current Library Shelving location Date acquired Total checkouts Full call number Barcode Date last seen Copy number Price effective from Koha item type
    Dewey Decimal Classification     GRACE BIBLE COLLEGE GRACE BIBLE COLLEGE Biblical Studies 2016-05-27   220.078 DAN 000496 2025-05-01 c.1 2016-05-27 Books
    Dewey Decimal Classification     GRACE BIBLE COLLEGE GRACE BIBLE COLLEGE Biblical Studies 2016-05-27   220.078 DAN 010473 2025-05-01 c.2 2016-05-27 Books
© Grace Bible College Library 2025